[Event "BL2-Ost 0203"]
[Site "Germany"]
[Date "2003.01.26"]
[Round "5.8"]
[White "Tischer, Guenter"]
[Black "Delitzsch, Juergen"]
[Result "1/2-1/2"]
[WhiteElo "2327"]
[BlackElo "2216"]
[PlyCount "59"]
[EventDate "2002.10.20"]
[EventType "team-tourn"]
[EventRounds "9"]
[EventCountry "GER"]
[SourceTitle "EXT 2004"]
[Source "ChessBase"]
[SourceDate "2003.11.25"]
[SourceVersion "1"]
[SourceVersionDate "2003.11.25"]
[SourceQuality "1"]
[WhiteTeam "Hofheim"]
[BlackTeam "Bindlach"]
[WhiteTeamCountry "GER"]
[BlackTeamCountry "GER"]

1. Nf3 Nf6 2. g3 d6 3. d4 g6 4. Bg2 Bg7 5. c4 0-0 6. Nc3 Nbd7 7. 0-0 e5 8. e4 c6 9. h3 Qb6 10. d5 Nc5 11. Ne1 cxd5 12. cxd5 Bd7 13. Nd3 Nxd3 14. Qxd3 Rac8 15. Qe2 a6 16. Be3 Qd8 17. Rfc1 Nh5 18. Kh2 Bf6 19. Qd2 Bh8 20. Qd1 Qe8 21. Bh6 Bg7 22. Bxg7 Nxg7 23. Qb3 b5 24. Qa3 Qe7 25. Qxa6 Ra8 26. Qb6 Rab8 27. Qa7 Ra8 28. Qb6 Rab8 29. Qa7 Ra8 30. Qb6 1/2-1/2

[Event "BL2-Ost 0203"]
[Site "Germany"]
[Date "2003.01.13"]
[Round "4.7"]
[White "Tischer, Guenter"]
[Black "Troyke, Doreen"]
[Result "1/2-1/2"]
[WhiteElo "2327"]
[BlackElo "2076"]
[PlyCount "21"]
[EventDate "2002.10.20"]
[EventType "team-tourn"]
[EventRounds "9"]
[EventCountry "GER"]
[SourceTitle "EXT 2004"]
[Source "ChessBase"]
[SourceDate "2003.11.25"]
[SourceVersion "1"]
[SourceVersionDate "2003.11.25"]
[SourceQuality "1"]
[WhiteTeam "Hofheim"]
[BlackTeam "Erfurt SK II"]
[WhiteTeamCountry "GER"]
[BlackTeamCountry "GER"]

1. d4 d5 2. c4 dxc4 3. Nf3 a6 4. a4 Nf6 5. e3 c5 6. Bxc4 e6 7. 0-0 Nc6 8. Qe2 Be7 9. Rd1 Qc7 10. Nc3 0-0 11. dxc5 1/2-1/2

[Event "BL2-Ost 9697"]
[Site "Germany"]
[Date "1997.??.??"]
[Round "?.3"]
[White "Peters, Andreas"]
[Black "Tischer, Guenter"]
[Result "1/2-1/2"]
[WhiteElo "2315"]
[BlackElo "2345"]
[PlyCount "84"]
[EventDate "1996.10.??"]
[EventType "team-tourn"]
[EventRounds "9"]
[EventCountry "GER"]
[SourceTitle "GER-chT2"]
[Source "ChessBase"]
[SourceDate "1999.07.01"]
[SourceVersion "1"]
[SourceVersionDate "1999.07.01"]
[SourceQuality "1"]
[WhiteTeam "Leipzig Gohlis"]
[BlackTeam "Nuernberg"]
[WhiteTeamCountry "GER"]
[BlackTeamCountry "GER"]

1. e4 c5 2. Nc3 Nc6 3. g3 g6 4. Bg2 Bg7 5. d3 e6 6. Be3 Nd4 7. Nce2 Ne7 8. c3 Nxe2 9. Nxe2 b6 10. d4 cxd4 11. Bxd4 e5 12. Be3 d6 13. Qd2 Be6 14. 0-0 Qc7 15. b3 Rd8 16. c4 0-0 17. Rad1 f5 18. f3 Qb8 19. Nc3 f4 20. Bf2 g5 21. Nb5 Rf7 22. Rc1 g4 23. gxf4 gxf3 24. Bxf3 Bh6 25. Kh1 a6 26. Nc3 Bxf4 27. Be3 Ng6 28. Bh5 Bxe3 29. Qxe3 Rxf1+ 30. Rxf1 Nf4 31. Rg1+ Kh8 32. Bg4 Bxg4 33. Rxg4 Rf8 34. Nd5 Nxd5 35. cxd5 Rf1+ 36. Rg1 Qf8 37. Qg3 b5 38. b4 Rf4 39. Qg2 Rf2 40. Qg4 Rf4 41. Qg2 Rf2 42. Qg4 Rf4 1/2-1/2

[Event "BL2-Ost 9697"]
[Site "Germany"]
[Date "1997.??.??"]
[Round "?.3"]
[White "Tischer, Guenter"]
[Black "Kuraszkiewicz, Michael"]
[Result "0-1"]
[WhiteElo "2345"]
[BlackElo "2300"]
[PlyCount "98"]
[EventDate "1996.10.??"]
[EventType "team-tourn"]
[EventRounds "9"]
[EventCountry "GER"]
[SourceTitle "GER-chT2"]
[Source "ChessBase"]
[SourceDate "1999.07.01"]
[SourceVersion "1"]
[SourceVersionDate "1999.07.01"]
[SourceQuality "1"]
[WhiteTeam "Nuernberg"]
[BlackTeam "Hof"]
[WhiteTeamCountry "GER"]
[BlackTeamCountry "GER"]

1. c4 c6 2. Nf3 d5 3. b3 Bf5 4. Bb2 e6 5. e3 Nf6 6. Be2 Nbd7 7. 0-0 Bd6 8. Nc3 h6 9. d3 Qe7 10. Qc2 Bh7 11. e4 dxe4 12. Nxe4 Nxe4 13. dxe4 Nc5 14. Bxg7 Rg8 15. Qb2 Nxe4 16. Rad1 0-0-0 17. Be5 Ba3 18. Qa1 f6 19. Rxd8+ Rxd8 20. Bd4 b6 21. Rd1 e5 22. Be3 Ng5 23. Rxd8+ Qxd8 24. h4 Nf7 25. Qc3 Qd6 26. Ne1 Bb4 27. Qc1 f5 28. g3 f4 29. gxf4 Bxe1 30. Qxe1 exf4 31. Bd2 Bf5 32. Bh5 Nd8 33. Bc3 Qd3 34. Bg7 Ne6 35. Bxh6 Nd4 36. Qe5 Be4 37. Bg4+ Nf5 38. Kh2 Kb7 39. Bxf5 Bxf5 40. Qxf4 Be4 41. Qe3 Qb1 42. Kg3 Bh7 43. Qe7+ Ka6 44. Be3 Qg6+ 45. Qg5 Qb1 46. Qh6 Qg1+ 47. Kf4 Qh2+ 48. Kg4 Qg2+ 49. Kh5 Qf3+ 0-1

[Event "BL2-Ost 9697"]
[Site "Germany"]
[Date "1996.??.??"]
[Round "?.2"]
[White "Tischer, Guenter"]
[Black "Pribyl, Josef"]
[Result "1-0"]
[WhiteElo "2345"]
[BlackElo "2460"]
[PlyCount "83"]
[EventDate "1996.10.??"]
[EventType "team-tourn"]
[EventRounds "9"]
[EventCountry "GER"]
[SourceTitle "GER-chT2"]
[Source "ChessBase"]
[SourceDate "1999.07.01"]
[SourceVersion "1"]
[SourceVersionDate "1999.07.01"]
[SourceQuality "1"]
[WhiteTeam "Nuernberg"]
[BlackTeam "Bamberg"]
[WhiteTeamCountry "GER"]
[BlackTeamCountry "GER"]

1. d4 Nf6 2. c4 g6 3. Nf3 Bg7 4. g3 0-0 5. Bg2 d5 6. cxd5 Nxd5 7. 0-0 Nc6 8. e4 Nb6 9. d5 Na5 10. Nc3 c6 11. Bf4 Nac4 12. Qe2 e5 13. dxe6 Bxe6 14. Rac1 Qe7 15. b3 Nd6 16. e5 Ne8 17. Bg5 Qb4 18. Rfd1 Nd5 19. Ne4 Nec7 20. Rd4 Qb6 21. Nf6+ Nxf6 22. Bxf6 Rfe8 23. Bxg7 Kxg7 24. Qd2 h6 25. Rh4 Rh8 26. Nd4 Rad8 27. Qf4 Kg8 28. Nxe6 Nxe6 29. Qf6 Rd2 30. Rg4 g5 31. Ra4 Rh7 32. Rf1 h5 33. Be4 Rg7 34. Qe7 Nf8 35. Bf5 a5 36. b4 Rd5 37. Rxa5 Rxa5 38. bxa5 Qxa5 39. Rd1 f6 40. Qxf6 Qxa2 41. Rd8 Qf7 42. Be6 1-0

[Event "Bodensee-Cup 1st"]
[Site "Germany"]
[Date "1995.??.??"]
[Round "?"]
[White "Tischer, Guenter"]
[Black "Hoensch, Matthias"]
[Result "0-1"]
[WhiteElo "2345"]
[BlackElo "2325"]
[PlyCount "78"]
[EventDate "1995.??.??"]
[EventType "team-tourn"]
[EventRounds "3"]
[EventCountry "GER"]
[SourceTitle "EXT 1999"]
[Source "ChessBase"]
[SourceDate "1998.11.16"]
[SourceVersion "1"]
[SourceVersionDate "1998.11.16"]
[SourceQuality "1"]
[WhiteTeam "Bayern Muenchen"]
[BlackTeam "Wuerttemberg"]
[WhiteTeamCountry "GER"]
[BlackTeamCountry "GER"]

1. c4 e6 2. d4 d5 3. Nf3 c5 4. cxd5 exd5 5. g3 Nc6 6. Bg2 Nf6 7. 0-0 Be7 8. Nc3 0-0 9. dxc5 Bxc5 10. Bg5 d4 11. Bxf6 Qxf6 12. Ne4 Qe7 13. Nxc5 Qxc5 14. Qd2 Bf5 15. Rac1 Qb6 16. Rfe1 Rfe8 17. b4 Rad8 18. a3 Be4 19. Rcd1 h6 20. Qb2 a5 21. b5 a4 22. Qa1 Bxf3 23. Bxf3 Na5 24. Qb1 Re5 25. Qb4 Qxb5 26. Rxd4 Qxb4 27. Rxb4 b5 28. Rc1 Nb3 29. Rc7 Nd4 30. Kg2 Nxf3 31. Kxf3 Rd2 32. e4 f5 33. exf5 Rxf5+ 34. Kg4 Rdxf2 35. h4 h5+ 36. Kh3 Ra2 37. Rb1 Rxa3 38. Rc8+ Kh7 39. Rb8 Rb3 0-1

[Event "Biel MTO op"]
[Site "Biel"]
[Date "1994.??.??"]
[Round "2"]
[White "Tischer, Guenter"]
[Black "Gipslis, Aivars P"]
[Result "0-1"]
[WhiteElo "2330"]
[BlackElo "2485"]
[PlyCount "134"]
[EventDate "1994.07.??"]
[EventType "swiss"]
[EventRounds "11"]
[EventCountry "SUI"]
[SourceTitle "TD"]
[Source "ChessBase"]
[SourceDate "1994.03.01"]
[SourceVersion "1"]
[SourceVersionDate "1994.03.01"]
[SourceQuality "1"]

1. d4 Nf6 2. c4 e6 3. Nf3 Bb4+ 4. Bd2 Qe7 5. g3 Nc6 6. Bg2 Bxd2+ 7. Qxd2 Ne4 8. Qc2 Qb4+ 9. Kf1 d5 10. b3 0-0 11. a3 Qd6 12. Nc3 f5 13. e3 a6 14. Kg1 Bd7 15. h3 Be8 16. Kh2 Bh5 17. Rhc1 Rf6 18. Ra2 Raf8 19. Ne5 Nxe5 20. c5 Nxc5 21. dxe5 Qxe5 22. Nxd5 exd5 23. Qxc5 c6 24. b4 g5 25. a4 f4 26. exf4 gxf4 27. b5 axb5 28. axb5 Bf3 29. Bxf3 fxg3+ 30. fxg3 Rxf3 31. Rg2 R8f6 32. Qa7 Rh6 33. Qa8+ Rf8 34. Qa4 cxb5 35. Qg4+ Rg6 36. Qh4 d4 37. Rd1 Rd6 38. Qg4+ Kh8 39. Re2 Qg7 40. Qe4 Rfd8 41. Rd3 Rd5 42. h4 b4 43. g4 Qg6 44. Qxg6 hxg6 45. Rb2 Kg7 46. Rxb4 b5 47. Kg3 Kf6 48. Kf4 Ke6 49. Rb1 Rf8+ 50. Ke4 Re5+ 51. Kxd4 Rf4+ 52. Kc3 Rxg4 53. Rb4 Rxb4 54. Kxb4 Re4+ 55. Kxb5 Rxh4 56. Kc5 g5 57. Re3+ Kf5 58. Kd5 Ra4 59. Re1 g4 60. Rf1+ Kg5 61. Ke5 g3 62. Rf8 Kg4 63. Rg8+ Kf3 64. Rf8+ Ke3 65. Rg8 Ra5+ 66. Ke6 Kf2 67. Rf8+ Kg1 0-1

[Event "Oberliga Bayern 9495"]
[Site "Bayern"]
[Date "1994.??.??"]
[Round "?.3"]
[White "Tischer, Guenter"]
[Black "Menacher, Manfred"]
[Result "1-0"]
[WhiteElo "2330"]
[BlackElo "2320"]
[PlyCount "47"]
[EventDate "1994.10.09"]
[EventType "team-tourn"]
[EventRounds "9"]
[EventCountry "GER"]
[SourceTitle "EXT 1999"]
[Source "ChessBase"]
[SourceDate "1998.11.16"]
[SourceVersion "1"]
[SourceVersionDate "1998.11.16"]
[SourceQuality "1"]
[WhiteTeam "Nuernberg Noris Tarrasch"]
[BlackTeam "Regensburg DJK"]
[WhiteTeamCountry "GER"]
[BlackTeamCountry "GER"]

1. d4 Nf6 2. c4 e6 3. Nf3 b6 4. g3 Ba6 5. b3 d5 6. Bg2 c5 7. cxd5 exd5 8. 0-0 Nc6 9. Nc3 Rc8 10. Bg5 Be7 11. Rc1 Ne4 12. Bxe7 Nxe7 13. dxc5 Nxc3 14. Rxc3 bxc5 15. b4 Bc4 16. Qa4+ Kf8 17. bxc5 Rxc5 18. Rb1 Qc7 19. Nd4 g6 20. Qb4 Kg7 21. Qb2 Kh6 22. g4 g5 23. Rh3+ Kg6 24. Rh6+ 1-0

[Event "Biel MTO op"]
[Site "Biel"]
[Date "1994.??.??"]
[Round "8"]
[White "Tischer, Guenter"]
[Black "Timoscenko, Gennadij A"]
[Result "1/2-1/2"]
[WhiteElo "2330"]
[BlackElo "2515"]
[PlyCount "129"]
[EventDate "1994.07.??"]
[EventType "swiss"]
[EventRounds "11"]
[EventCountry "SUI"]
[SourceTitle "TD"]
[Source "ChessBase"]
[SourceDate "1994.03.01"]
[SourceVersion "1"]
[SourceVersionDate "1994.03.01"]
[SourceQuality "1"]

1. d4 Nf6 2. c4 g6 3. Nf3 Bg7 4. g3 0-0 5. Bg2 d6 6. Nc3 Nc6 7. d5 Na5 8. Nd2 c6 9. Rb1 cxd5 10. cxd5 Bf5 11. e4 Bg4 12. Nf3 Nd7 13. h3 Bxf3 14. Qxf3 Nc4 15. 0-0 Qa5 16. Qe2 Rfc8 17. h4 Nxb2 18. Bxb2 Bxc3 19. Bxc3 Qxc3 20. Rxb7 Nc5 21. Rb5 Rab8 22. Bh3 Rxb5 23. Qxb5 Rd8 24. Bg2 Qd4 25. Qa5 Rd7 26. Rb1 Kg7 27. Qb4 Qd3 28. Qb5 Qxb5 29. Rxb5 Rc7 30. f4 Nd7 31. Ra5 f5 32. exf5 gxf5 33. Bf3 Nf6 34. Kf2 Kg6 35. Ke3 Nh5 36. Bxh5+ Kxh5 37. Kf3 Rc3+ 38. Kf2 Rc2+ 39. Kf3 Rc3+ 40. Kf2 Kg4 41. Rxa7 Rxg3 42. Rxe7 Ra3 43. Rd7 Rxa2+ 44. Ke3 Ra3+ 45. Kf2 Ra6 46. Ke3 Ra3+ 47. Kf2 Kxf4 48. Rxd6 Ra2+ 49. Kf1 Kg3 50. Rd7 f4 51. Rxh7 Ra1+ 52. Ke2 f3+ 53. Ke3 Re1+ 54. Kd4 f2 55. Rf7 f1Q 56. Rxf1 Rxf1 57. Ke5 Re1+ 58. Kf6 Rd1 59. Ke6 Kxh4 60. d6 Kg5 61. d7 Kg6 62. Ke7 Re1+ 63. Kd6 Rd1+ 64. Kc7 Rxd7+ 65. Kxd7 1/2-1/2

[Event "BL2-Sued 8990"]
[Site "Germany"]
[Date "1989.??.??"]
[Round "?.1"]
[White "Egger, Thomas"]
[Black "Tischer, Guenter"]
[Result "1/2-1/2"]
[WhiteElo "2255"]
[BlackElo "2335"]
[PlyCount "37"]
[EventDate "1989.10.??"]
[EventType "team-tourn"]
[EventRounds "9"]
[EventCountry "GER"]
[SourceTitle "GER-chT2"]
[Source "ChessBase"]
[SourceDate "1999.07.01"]
[SourceVersion "1"]
[SourceVersionDate "1999.07.01"]
[SourceQuality "1"]
[WhiteTeam "Sendling"]
[BlackTeam "Erlangen"]
[WhiteTeamCountry "GER"]
[BlackTeamCountry "GER"]

1. Nf3 Nf6 2. g3 d5 3. Bg2 e6 4. d4 Be7 5. 0-0 0-0 6. c4 dxc4 7. Ne5 Nc6 8. Nxc6 bxc6 9. e4 c5 10. d5 exd5 11. exd5 Bg4 12. f3 Bf5 13. Nc3 Re8 14. b3 Bd3 15. Re1 Rb8 16. bxc4 Bxc4 17. f4 Qd7 18. Ba3 h6 19. Rc1 1/2-1/2

[Event "Biel MTO op"]
[Site "Biel"]
[Date "1989.??.??"]
[Round "2"]
[White "Tischer, Guenter"]
[Black "Lalic, Bogdan"]
[Result "1/2-1/2"]
[WhiteElo "2340"]
[BlackElo "2500"]
[PlyCount "68"]
[EventDate "1989.07.??"]
[EventType "swiss"]
[EventRounds "11"]
[EventCountry "SUI"]
[SourceTitle "EXT 1997"]
[Source "ChessBase"]
[SourceDate "1996.11.15"]
[SourceVersion "1"]
[SourceVersionDate "1996.11.15"]
[SourceQuality "1"]

1. Nf3 Nf6 2. g3 d5 3. Bg2 c5 4. 0-0 Nc6 5. c4 dxc4 6. Na3 e6 7. Nxc4 Be7 8. b3 0-0 9. Bb2 Nd5 10. d4 b5 11. Nce5 Nxe5 12. Nxe5 Bb7 13. dxc5 Bxc5 14. e4 Nf6 15. Qe2 a6 16. Rad1 Qe7 17. Rd3 Rac8 18. Rfd1 Rc7 19. g4 Rfc8 20. g5 Ne8 21. Qh5 g6 22. Qh6 Qf8 23. Qh4 Qg7 24. Ba1 Ba3 25. Ng4 Bb2 26. Nf6+ Bxf6 27. gxf6 Qf8 28. Rh3 h5 29. Qg5 Qc5 30. Be5 Qc2 31. Rf1 Bxe4 32. Bxe4 Qxe4 33. Bxc7 Rxc7 34. Rxh5 Rc5 1/2-1/2

[Event "Imperia op 29th"]
[Site "Imperia"]
[Date "1987.09.09"]
[Round "4.2"]
[White "Tischer, Guenter"]
[Black "Nikolic, Stanimir"]
[Result "1-0"]
[WhiteElo "2200"]
[BlackElo "2315"]
[PlyCount "165"]
[EventDate "1987.09.06"]
[EventType "swiss"]
[EventRounds "8"]
[EventCountry "ITA"]
[SourceTitle "EXT 2023"]
[Source "ChessBase"]
[SourceDate "2022.10.05"]
[SourceVersion "1"]
[SourceVersionDate "2022.10.05"]
[SourceQuality "1"]

1. d4 g6 2. c4 d6 3. Nc3 Bg7 4. e4 Nc6 5. d5 Nd4 6. Be3 c5 7. dxc6 Nxc6 8. Rc1 Nf6 9. h3 0-0 10. Nf3 b6 11. Bd3 Bb7 12. 0-0 Nb4 13. Bb1 Na6 14. Nd4 Nc5 15. f3 e5 16. Nde2 Ne6 17. Qd2 Qd7 18. Rfd1 Rfd8 19. Nd5 Nh5 20. b4 Rac8 21. a3 Bc6 22. Ba2 Kh8 23. Bb3 Qe8 24. g4 Nf6 25. Qa2 Ng8 26. Qd2 Qf8 27. Kh2 Bd7 28. Ndc3 Qe8 29. Rg1 Bc6 30. Nd5 Rb8 31. Rc3 Rd7 32. Rd3 Qd8 33. Ndc3 Qf6 34. Rf1 Bf8 35. Nd5 Qd8 36. Ndc3 Nf6 37. Rg1 h5 38. g5 Nh7 39. Nd5 Bg7 40. Rc3 Nef8 41. Rcc1 Qe8 42. Rcf1 Ne6 43. Rc1 Rdd8 44. Bc2 Rdc8 45. Bd3 Nhf8 46. h4 Nd7 47. Nec3 Nd4 48. Qf2 Ne6 49. Nb5 Bxb5 50. cxb5 Rxc1 51. Rxc1 Rc8 52. Rc6 Nb8 53. Rxc8 Qxc8 54. Qc2 Qxc2+ 55. Bxc2 Bf8 56. Kg3 Nd7 57. a4 Kg7 58. Bb3 Kg8 59. Kf2 Kh7 60. Bc4 Kg8 61. Ke1 Kh7 62. Kd2 Kg7 63. Kc3 Kg8 64. Kc2 Kg7 65. Kb3 Nd4+ 66. Bxd4 exd4 67. f4 f6 68. Bf1 fxg5 69. hxg5 Kf7 70. Bh3 Ke8 71. Kc4 Bg7 72. Nc7+ Ke7 73. Ne6 d5+ 74. exd5 d3 75. Kxd3 Bb2 76. Nd4 Nb8 77. Ke4 a5 78. Nc6+ Nxc6 79. dxc6 Kd6 80. bxa5 bxa5 81. f5 gxf5+ 82. Kxf5 Bd4 83. Kg6 1-0

[Event "Imperia op 29th"]
[Site "Imperia"]
[Date "1987.09.06"]
[Round "1.21"]
[White "Streiter, Gerhard"]
[Black "Tischer, Guenter"]
[Result "0-1"]
[WhiteElo "2000"]
[BlackElo "2200"]
[PlyCount "70"]
[EventDate "1987.09.06"]
[EventType "swiss"]
[EventRounds "8"]
[EventCountry "ITA"]
[SourceTitle "EXT 2023"]
[Source "ChessBase"]
[SourceDate "2022.10.05"]
[SourceVersion "1"]
[SourceVersionDate "2022.10.05"]
[SourceQuality "1"]

1. e4 c5 2. Nc3 Nc6 3. Nf3 g6 4. d4 cxd4 5. Nxd4 Bg7 6. Be3 d6 7. Bc4 Nf6 8. h3 0-0 9. Bb3 Bd7 10. 0-0 Na5 11. f4 Qb8 12. Qd3 Rd8 13. Rad1 Nxb3 14. axb3 a6 15. Nf3 b5 16. Bd4 b4 17. e5 dxe5 18. fxe5 Bf5 19. Qe2 Nh5 20. Ne4 Bxe4 21. Qxe4 Ng3 22. Qh4 Nxf1 23. Rxf1 f6 24. Kh1 Qb5 25. Re1 Rf8 26. exf6 exf6 27. Re7 Rf7 28. Rxf7 Kxf7 29. c4 bxc3 30. Bxc3 Rd8 31. Qf4 Kg8 32. Qc7 Qd3 33. Nd4 Rxd4 34. Bxd4 Qxd4 35. Qc8+ Bf8 0-1

[Event "Bundesliga 8788"]
[Site "Germany"]
[Date "1987.??.??"]
[Round "?.6"]
[White "Tischer, Guenter"]
[Black "Franke, Johannes"]
[Result "1-0"]
[WhiteElo "2335"]
[BlackElo "2220"]
[PlyCount "181"]
[EventDate "1987.10.??"]
[EventType "team-tourn"]
[EventRounds "15"]
[EventCountry "GER"]
[SourceTitle "GER-chT"]
[Source "ChessBase"]
[SourceDate "1999.07.01"]
[SourceVersion "1"]
[SourceVersionDate "1999.07.01"]
[SourceQuality "1"]
[WhiteTeam "Erlangen"]
[BlackTeam "Wattenscheid"]
[WhiteTeamCountry "GER"]
[BlackTeamCountry "GER"]

1. d4 c5 2. d5 e5 3. Nc3 d6 4. e4 g6 5. g3 Bg7 6. Bg2 Nf6 7. Nge2 0-0 8. 0-0 Nh5 9. Be3 a6 10. a4 b6 11. Qd2 Qe7 12. Rae1 Ra7 13. f4 exf4 14. gxf4 Nd7 15. Kh1 Rb7 16. e5 dxe5 17. f5 Ndf6 18. d6 Qd8 19. fxg6 fxg6 20. Bg5 Rd7 21. Rd1 Qe8 22. Nd5 Rdf7 23. Nec3 e4 24. Bxf6 Bxf6 25. Nxe4 Bd8 26. Rxf7 Rxf7 27. b3 Qe5 28. Re1 Kg7 29. Nef6 Qf5 30. Nxh5+ Qxh5 31. Qc3+ Kh6 32. Ne7 Rf8 33. Qe3+ Kg7 34. Nxc8 Bg5 35. Qc3+ Kh6 36. Ne7 Qh4 37. Qg3 Qd4 38. Qe5 Qh4 39. Qg3 Qd4 40. c3 Qd2 41. Rf1 Rxf1+ 42. Bxf1 Bf4 43. Qh3+ Kg7 44. d7 Qd6 45. Qf3 Bg5 46. Nd5 Qxd7 47. c4 Qe6 48. Be2 Bd2 49. Kg2 Qe5 50. Bd3 Bg5 51. Qe4 Qb2+ 52. Bc2 Qc1 53. Qd3 Bd8 54. Qc3+ Kg8 55. Be4 Qg5+ 56. Kh1 Qh4 57. Qe3 Bg5 58. Qf3 Bd8 59. Ne3 Kg7 60. Bd5 Qe7 61. Qe4 Qxe4+ 62. Bxe4 Kf6 63. Kg2 Ke5 64. Kf3 Kd4 65. Nd5 Ke5 66. Ke3 Bg5+ 67. Kd3 Bd8 68. h3 Ke6 69. Ke3 Ke5 70. Kf3 Kd4 71. Kf4 g5+ 72. Kf5 h5 73. Bf3 g4 74. hxg4 hxg4 75. Bxg4 Kd3 76. Ke5 Kc2 77. Bc8 Kxb3 78. Bxa6 Kxa4 79. Kd6 Ka5 80. Bb5 Bh4 81. Ke5 Bf2 82. Ke4 Bh4 83. Kd3 Be1 84. Kc2 Bh4 85. Kb3 Bg5 86. Kb2 Bc1+ 87. Kc2 Bg5 88. Kb3 Bf6 89. Ne3 Be7 90. Nf5 Bf8 91. Kc2 1-0

[Event "Bundesliga 1985/86"]
[Site "Germany"]
[Date "1986.04.13"]
[Round "15.5"]
[White "Dankert, Peter"]
[Black "Tischer, Guenter"]
[Result "1-0"]
[WhiteElo "2275"]
[BlackElo "2335"]
[PlyCount "69"]
[EventDate "1985.11.09"]
[EventType "team-tourn"]
[EventRounds "15"]
[EventCountry "GER"]
[SourceTitle "GER-chT"]
[Source "ChessBase"]
[SourceDate "1999.07.01"]
[SourceVersion "1"]
[SourceVersionDate "1999.07.01"]
[SourceQuality "1"]
[WhiteTeam "Zehlendorf"]
[BlackTeam "Erlangen"]
[WhiteTeamCountry "GER"]
[BlackTeamCountry "GER"]

1. d4 Nf6 2. c4 g6 3. Nc3 Bg7 4. e4 d6 5. f3 0-0 6. Be3 e5 7. d5 c6 8. Bd3 cxd5 9. cxd5 Ne8 10. Qd2 f5 11. Nge2 Nd7 12. 0-0 f4 13. Bf2 g5 14. a4 Ndf6 15. a5 g4 16. Kh1 Nh5 17. fxg4 Bxg4 18. Ng1 Rf6 19. Be2 Rg6 20. Bxg4 Rxg4 21. Qe2 Nef6 22. Nf3 a6 23. Nh4 Bf8 24. Nf5 Qe8 25. Bh4 Qg6 26. Bxf6 Nxf6 27. Rac1 Rg5 28. Nh4 Qh6 29. Nf5 Qg6 30. Nh4 Qh5 31. Qxh5 Rxh5 32. Nf3 Rc8 33. Rfe1 Rc4 34. Kg1 Rb4 35. Rc2 1-0

[Event "Bundesliga 1985/86"]
[Site "Germany"]
[Date "1986.04.12"]
[Round "14.5"]
[White "Tischer, Guenter"]
[Black "Konieczka, Frank"]
[Result "1/2-1/2"]
[WhiteElo "2335"]
[BlackElo "2240"]
[PlyCount "22"]
[EventDate "1985.11.09"]
[EventType "team-tourn"]
[EventRounds "15"]
[EventCountry "GER"]
[SourceTitle "GER-chT"]
[Source "ChessBase"]
[SourceDate "1999.07.01"]
[SourceVersion "1"]
[SourceVersionDate "1999.07.01"]
[SourceQuality "1"]
[WhiteTeam "Erlangen"]
[BlackTeam "Kreuzberg"]
[WhiteTeamCountry "GER"]
[BlackTeamCountry "GER"]

1. d4 d5 2. c4 e6 3. Nf3 Nf6 4. g3 Be7 5. Bg2 0-0 6. 0-0 dxc4 7. Ne5 Nc6 8. Nxc6 bxc6 9. e3 Rb8 10. Qc2 c5 11. Rd1 cxd4 1/2-1/2

[Event "Bundesliga 1985/86"]
[Site "Germany"]
[Date "1986.03.15"]
[Round "12.5"]
[White "Behrhorst, Frank"]
[Black "Tischer, Guenter"]
[Result "1-0"]
[WhiteElo "2355"]
[BlackElo "2335"]
[PlyCount "58"]
[EventDate "1985.11.09"]
[EventType "team-tourn"]
[EventRounds "15"]
[EventCountry "GER"]
[SourceTitle "GER-chT"]
[Source "ChessBase"]
[SourceDate "1999.07.01"]
[SourceVersion "1"]
[SourceVersionDate "1999.07.01"]
[SourceQuality "1"]
[WhiteTeam "Hamburger SK"]
[BlackTeam "Erlangen"]
[WhiteTeamCountry "GER"]
[BlackTeamCountry "GER"]

1. d4 Nf6 2. c4 g6 3. Nc3 Bg7 4. e4 d6 5. f3 0-0 6. Bg5 h6 7. Be3 e5 8. d5 Nh5 9. g4 Nf4 10. Nge2 f5 11. gxf5 gxf5 12. Qd2 Qh4+ 13. Bf2 Qh5 14. Nxf4 exf4 15. 0-0-0 fxe4 16. Nxe4 Nd7 17. Rg1 Ne5 18. Bd4 Kh7 19. Bd3 Bf5 20. Bc2 Bh8 21. Qxf4 Nxf3 22. Bxh8 Nxg1 23. Rxg1 Kxh8 24. Nxd6 Rf6 25. Nxf5 Raf8 26. Qxc7 Rg6 27. Rxg6 Qxg6 28. Qe5+ Qf6 29. Qxf6+ Rxf6 1-0

[Event "Bundesliga 1985/86"]
[Site "Germany"]
[Date "1985.12.01"]
[Round "4.5"]
[White "Calvo Minguez, Ricardo"]
[Black "Tischer, Guenter"]
[Result "0-1"]
[WhiteElo "2435"]
[BlackElo "2335"]
[PlyCount "162"]
[EventDate "1985.11.09"]
[EventType "team-tourn"]
[EventRounds "15"]
[EventCountry "GER"]
[SourceTitle "GER-chT"]
[Source "ChessBase"]
[SourceDate "1999.07.01"]
[SourceVersion "1"]
[SourceVersionDate "1999.07.01"]
[SourceQuality "1"]
[WhiteTeam "Bayern Muenchen"]
[BlackTeam "Erlangen"]
[WhiteTeamCountry "GER"]
[BlackTeamCountry "GER"]

1. Nf3 Nf6 2. c4 g6 3. d4 Bg7 4. Nc3 0-0 5. e4 d6 6. Be2 e5 7. d5 Nbd7 8. Bg5 h6 9. Bh4 a5 10. Nd2 Nc5 11. g4 Qe8 12. Rg1 Nh7 13. Nf1 Ng5 14. Bxg5 hxg5 15. Ne3 Qe7 16. Qc2 Bf6 17. Rg3 Kg7 18. h3 Bd7 19. Rd1 a4 20. Qb1 Qd8 21. Rd2 Be7 22. Bd1 c6 23. b4 axb3 24. axb3 Na6 25. b4 c5 26. b5 Nb4 27. Ba4 Qc8 28. Rf3 Bd8 29. Ke2 Rh8 30. Rd1 Ba5 31. Qb2 Nd3 32. Kxd3 Bxc3 33. Qxc3 Rxa4 34. Ra1 Qa8 35. Nc2 Rxa1 36. Qxa1 Qxa1 37. Nxa1 f5 38. Rg3 Kf6 39. Nb3 Ra8 40. Ke2 Ra3 41. Rf3 Kg7 42. Nd2 Ra2 43. Rg3 Kf6 44. Rg1 Ra3 45. f3 Ra2 46. Rh1 Bc8 47. Rh2 Ra1 48. gxf5 gxf5 49. h4 g4 50. fxg4 fxg4 51. Rf2+ Kg7 52. Nf1 Ra2+ 53. Ke1 Ra1+ 54. Ke2 Ra2+ 55. Ke1 Ra3 56. Ke2 g3 57. Nxg3 Rxg3 58. Rh2 Bg4+ 59. Kd2 Ra3 60. Rh1 Rh3 61. Ra1 Rxh4 62. Ra7 Bc8 63. Ke3 Kf6 64. Ra8 Rh8 65. b6 Kg5 66. Rb8 Kg4 67. Ra8 Kg3 68. Rb8 Re8 69. Ra8 Bd7 70. Ra7 Rb8 71. Ra1 Bh3 72. Ra2 Bg2 73. Ra1 Rf8 74. Ra7 Rf3+ 75. Kd2 Rb3 76. Rxb7 Bxe4 77. Rb8 Kf2 78. b7 Bf3 79. Kc2 Rb4 80. Rd8 Rxb7 81. Rxd6 e4 0-1